Datum a čas kvízu
37.5
Celkem bodů
Celkový počet nahraných bodů na tomto kvízu bez doplňovacích otázek.
8.
Pořadí na kvízu
Konečné umístění týmu na tomto kvízu.
Zaznamenané odpovědi
# | Otázka | Odpověď | Body | Výsledky |
---|---|---|---|---|
1. | Žena jednoho bývalého českého... | Petr Nečas | 1 | |
2. | V Pekingu byla minulý týden v... | Labubu | 1 | |
3. | V sobotu v rámci 30. ročníku f... | ostříhat vlasy | 1 | |
4. | Který známý AI generátor obráz... | Midjourney | 1 | |
5. | V neděli skončil 77. ročník cy... | Dauphiné | 1 | |
6. | Toto téma začneme prostě, a to... | Chiméra | 1 | |
7. | Termínem Jókai (Yōkai) se ozna... | D | 1 | |
8. | V roce 2009 byl Rodinným autem... | Škoda Yeti | 1 | |
9. | V této otázce bude vaším úkole... | 1A 2B 3D 4C | 1 | |
10. | Na závěr jedno české mytologic... | Blaník | 1 |